000 00520cam a2200181 a 4500
001 14550758
005 20240214050039.0
008 060914s2002 ce b 000 0 eng
020 _a9558698008
040 _aDLC
_cDLC
082 _222
_a320
_bLAK.
100 1 _aFernando, Laksiri.
245 1 2 _aA political science approach to human rights /
_cLaksiri Fernando.
260 _aColombo :
_bCentre for the Study of Human Rights, University of Colombo,
_c2002.
300 _a88 p. ;
650 0 _aHuman rights.
942 _cL
999 _c387
_d387